LIBRARY & INFORMATION CENTRE, KCAET, TAVANUR

ONLINE PUBLIC ACCESS CATALOGUE (OPAC)

Agricultural engineering in development: Mechanization strategy formalation, Vol 1 / (Record no. 8520)

MARC details
000 -LEADER
fixed length control field 00491cam a2200169ua 4500
041 ## - LANGUAGE CODE
Language code of text/sound track or separate title eng
082 ## - DEWEY DECIMAL CLASSIFICATION NUMBER
Classification number 631.1
Item number GIF/FO
100 ## - MAIN ENTRY--AUTHOR NAME
Personal name Gifford, R C .
245 ## - TITLE STATEMENT
Title Agricultural engineering in development: Mechanization strategy formalation, Vol 1 /
250 ## - EDITION STATEMENT
Edition statement 1 /
260 ## - PUBLICATION, DISTRIBUTION, ETC. (IMPRINT)
Place of publication Rome :
Name of publisher Food and Agriculture organization of United States ,
Year of publication 1992.
300 ## - PHYSICAL DESCRIPTION
Number of Pages 74 ; .
942 ## - ADDED ENTRY ELEMENTS (KOHA)
Koha item type Books
Holdings
Withdrawn status Lost status Damaged status Home library Current library Date acquired Full call number Accession Number Koha item type
      KAUAET KAUAET 07/04/2012 631.1 19678 Reference
free website counter